Taylor Swift mystery lyrics #43 - Statistics

General Stats
  • This quiz has been taken 84 times
    79 since last reset
  • The average score is 267 of 312
Answer Stats
Answer % Correct
a
100%
and
100%
And
100%
I
100%
the
98%
it
96%
me
96%
on
96%
you
96%
You
96%
I'm
95%
is
95%
So
95%
to
95%
when
95%
who
95%
your
95%
If
93%
if
93%
in
93%
it's
93%
my
93%
no
93%
of
93%
too
93%
be
91%
Be
91%
can
91%
could
91%
I'll
91%
like
91%
love
91%
that
91%
was
91%
You're
91%
go
89%
make
89%
Oh
89%
oh
89%
or
89%
this
89%
we're
89%
where
89%
at
88%
been
88%
But
88%
good
88%
know
88%
over
88%
read
88%
see
88%
tell
88%
there
88%
things
88%
thought
88%
want
88%
baby
86%
bad
86%
'Cause
86%
down
86%
for
86%
Got
86%
got
86%
hand
86%
I've
86%
look
86%
meet
86%
Nice
86%
only
86%
Saw
86%
say
86%
she
86%
show
86%
what
86%
about
84%
all
84%
face
84%
forever
84%
game
84%
God
84%
gonna
84%
how
84%
incredible
84%
long
84%
Love's
84%
magazine
84%
mistake
84%
next
84%
play
84%
They'll
84%
tie
84%
wanna
84%
way
84%
worth
84%
ex-lovers
82%
flames
82%
get
82%
Grab
82%
guys
82%
heaven
82%
insane
82%
leave
82%
list
82%
Magic
82%
money
82%
passport
82%
sin
82%
suit
82%
weekend
82%
We'll
82%
you'll
82%
blank
80%
Boys
80%
come
80%
didn't
80%
Don't
80%
ends
80%
far
80%
friends
80%
heard
80%
hey
80%
let's
80%
madness
80%
one
80%
pain
80%
players
80%
space
80%
take
80%
torture
80%
with
80%
write
80%
daydream
79%
dressed
79%
name
79%
New
79%
nightmare
79%
out
79%
Rumors
79%
warn
79%
young
79%
back
77%
drunk
77%
fly
77%
funny
77%
girl
77%
high
77%
scar
77%
time
77%
ya
77%
Ain't
75%
breathless
75%
darling
75%
dying
75%
Find
75%
jealousy
75%
king
75%
nasty
75%
queen
75%
reckless
75%
month
73%
yet
73%
each
71%
tables
71%
turn
71%
worst
71%
It'll
70%
thorns
68%
filled
66%
garden
66%
Rose
66%
Screaming
63%
crying
61%
lies
61%
lips
61%
skies
61%
guessing
59%
Keep
59%
perfect
59%
Cherry
57%
crystal
57%
second
57%
storms
57%
mm
55%
kisses
52%
pretty
52%
Stolen
50%
Wait
45%
Ay
43%
No matching quizzes found
Score Distribution
Percent of People with Each Score
Percentile by Number Answered
Your Score History
You have not taken this quiz since the last reset